000 00289nam a2200121Ia 4500
005 20251222143213.0
008 251222s9999||||xx |||||||||||||| ||spa||
082 _a251.9/D96
100 _aDucos, Marcel
245 0 _aHacia un Apostolado Organizado:
264 _bNova Terra
942 _cLIB
999 _c13523
_d13523